Online
Catalog

The pelican guide to modern theology / (Record no. 36291)

MARC details
000 -CABECERA
campo de control de longitud fija 00546nam a2200169 a 4500
001 - NÚMERO DE CONTROL
campo de control 000036800
005 - FECHA Y HORA DE LA ÚLTIMA TRANSACCIÓN
campo de control 20200930075937.0
008 - DATOS DE LONGITUD FIJA--INFORMACIÓN GENERAL
campo de control de longitud fija 120201s1972 at 000 0 spa d
040 ## - FUENTE DE LA CATALOGACIÓN
Centro catalogador/agencia de origen DO-SdBNP
Lengua de catalogación spa
Centro/agencia transcriptor BNPHU
100 1# - ENTRADA PRINCIPAL--NOMBRE DE PERSONA
Nombre de persona Davidson, Robert
9 (RLIN) 63142
245 14 - MENCIÓN DE TÍTULO
Título The pelican guide to modern theology /
Mención de responsabilidad, etc. Robert Davidson, A. R. C. Leaney.
260 ## - PUBLICACIÓN, DISTRIBUCIÓN, ETC.
Lugar de publicación, distribución, etc. Victoria, Australia :
Nombre del editor, distribuidor, etc. Penguin Books ,
Fecha de publicación, distribución, etc. 1972.
300 ## - DESCRIPCIÓN FÍSICA
Extensión 392 p. : ;
Dimensiones 18 cm.
490 1# - MENCIÓN DE SERIE
Mención de serie Biblical Criticism
Designación de volumen o secuencia 3
700 1# - PUNTO DE ACCESO ADICIONAL--NOMBRE DE PERSONA
Nombre de persona Leaney, A. R. C.
9 (RLIN) 63143
830 #0 - PUNTO DE ACCESO ADICIONAL DE SERIE-TÍTULO UNIFORME
Título uniforme Biblical Criticism
Número de parte o sección de la obra 3
9 (RLIN) 63144
Holdings
Estado de retiro Estado de pérdida Restricciones de uso No para préstamo Código de colección Localización permanente Ubicación/localización actual Ubicación en estantería Fecha de adquisición Número de inventario Total de préstamos Signatura topográfica completa Código de barras Fecha visto por última vez Precio válido a partir de Tipo de ítem Koha
      Excluido de préstamo Monografías: Libros y Folletos General General Depósito 01.02.2012 LF1   36800-10 25.06.2020 25.06.2020 No se presta

Powered by Koha